ASPEKTY ROZVOJA PSYCHICKEJ ODOLNOSTI A TELESNEJ ZDATNOSTI ŠTUDENTOV VYSOKÝCH ŠKÔL

Bibliographic Details
Main Author: Cepková, Alena, 1970- (Author)
Format: Article
Language:Slovak
ISBN:8022714232

MARC

LEADER 00000naa a2200000uu 4500
001 vtls011038023
003 SK-MaSNL
005 20260302124422.0
008 210910|2000 xo |||||||||||||||||slo|
015 |a SNBRA 
035 |a (urnnbn)urn:nbn:sk:snk:ar-008vtj 
035 |a (uuid)5b7536ac-3ba6-46eb-bb6f-d136b2b8a35f 
035 |a urn:nbn:sk:snk-aaurfx 
040 |a SNKBUCL  |b slo  |c SNKBUCL  |e AACR2 
041 0 |a slo 
044 |a xo  |c SK 
100 1 |a Cepková, Alena,  |d 1970-  |4 aut  |9 334980 
245 1 0 |a ASPEKTY ROZVOJA PSYCHICKEJ ODOLNOSTI A TELESNEJ ZDATNOSTI ŠTUDENTOV VYSOKÝCH ŠKÔL  |c Alena CEPKOVÁ 
773 0 |t Zdravotný stav, telesný a pohybový rozvoj študentov univerzít  |d V Bratislave : Slovenská technická univerzita, 2000  |g S. 26-30  |z 8022714232 
958 |a OND 
958 |a article12 
958 |a chapter 
999 |c 1287828  |d 1289758